Kamus maktab ejaan baru : Bahasa Malaysia-Bahasa Inggeris-Bahasa Malaysia

Bibliographic Details
Other Authors: Abdul Kadir (Editor)
Format: Book
Language:Malay
Published: Kuala Lumpur : Penerbit Bakti 1974
Subjects:

MARC

LEADER 00000cam a2200000 7i4500
001 0000009111
005 20241003.0
008 010731 my a may
040 |a INS   |b eng   |e rda 
090 0 0 |a RPL5125   |b .K36 1974 
245 0 0 |a Kamus maktab ejaan baru :   |b Bahasa Malaysia-Bahasa Inggeris-Bahasa Malaysia   |c susunan Abdul Kadir 
264 1 |a Kuala Lumpur :   |b Penerbit Bakti   |c 1974 
300 |a lv, 780 pages :   |b illustrations ;   |c 20 cm. 
336 |a text  |2 rdacontent 
337 |a unmediated  |2 rdamedia 
338 |a volume  |2 rdacarrier 
650 0 |a English language   |x Dictionaries   |x Malay 
650 0 |a Malay language   |x Dictionaries   |x English language 
700 0 |a Abdul Kadir ,   |e editor 
999 |a 0000022518   |b BOOK   |c Red Spot   |e Default branch